01054nam a22001577a 4500008004100000020001500041020001800056050002300074100002100097245062400118250001200742260004400754300003200798500003700830650002900867161028b xxu||||| |||| 00| 0 eng d a0780806298 a9780780806290 aRC 660.4 .D56 2003 aMathews, Dawn D. aDiebetes sourcebook :bDiabetes sourcebook : basic consumer health information about type 1 diabetes (insulin-dependent or juvenile-onset diabetes), type 2 diabetes (noninsulin-dependent or adult-onset diabetes), gestational diabetes, impaired glucose tolerance (IGT), and related complications, such as amputation, eye disease, gum disease, nerve damage, and end-stage renal disease, including facts about insulin, oral diabetes medications, blood sugar testing, and the role of exercise and nutrition in the control of diabetes ; along with a glossary and resources for further help and information/cDawn D. Mathews. a3rd ed. aGriswold Street :bOmnigraphics,c2003. axii, 621p. :bill. ;c23cm. aIncludes bibliography and index. aDiebetesxpopular works.